Moral y derecho: polémica con Uppsala
Uloženo v:
| Hlavní autor: | |
|---|---|
| Médium: | Kniha |
| Jazyk: | španělština |
| Vydáno: |
Barcelona
Alfa
1982
|
| Edice: | Estudios Alemanes
|
| Témata: | |
| Tagy: |
Přidat tag
Žádné tagy, Buďte první, kdo vytvoří štítek k tomuto záznamu!
|
MARC
| LEADER | 00000nam a2200000 a 4500 | ||
|---|---|---|---|
| 001 | UCV1158 | ||
| 003 | CL-VaPUC | ||
| 008 | 891115e19820000SP |||||||||||||||||spa|d | ||
| 082 | 0 | 4 | |a 340.112 |b GEI |2 21 |
| 100 | |a Geiger, Theodor Julius |e author |9 349392 | ||
| 245 | 1 | 0 | |a Moral y derecho: polémica con Uppsala |
| 300 | |a 198 p | ||
| 942 | |c BK | ||
| 945 | |d 19891115 00:00:00 | ||
| 260 | |a Barcelona |b Alfa |c 1982 | ||
| 650 | 0 | |a Etica jurídica |9 255897 | |
| 650 | 0 | |a Filosofía del derecho |9 255050 | |
| 583 | |a last modification |c 19891115 00:00:00 |k Rodrigo Vera | ||
| 490 | 0 | |a Estudios Alemanes | |
| 999 | |c 209194 |d 209192 | ||
| 952 | |0 0 |1 0 |4 0 |6 340_112000000000000_GEI_1982 |7 0 |8 DER_TF |9 184498 |a BIBDER |b BIBDER |d 2019-11-14 |i 2517582 |o 340.112 GEI 1982 |p 2517582 |r 2023-01-25 |w 2019-11-14 |x Ubicación 4to Piso |y BK |z Estos recursos deben solicitarse con anticipación |k DER | ||